Вычислительная математика и структура алгоритмов. 10 лекций о том, почему трудно решать задачи на вычислительных системах параллельной архитектуры и что надо знать дополнительно, чтобы успешно преодолевать эти трудности: учебник

Détails bibliographiques
Auteur principal: Воеводин В. В. Валентин Васильевич
Collectivité auteur: Московский государственный университет им. М. В. Ломоносова (МГУ)
Résumé:В книге представлены лекции, прочитанные автором в различных учебных заведениях, институтах и на научных конференциях. Все они посвяшены вопросам эффективного решения задач на вычислительных системах параллельной архитектуры. Особое внимание уделяется изучению информационной структуры алгоритмов и ее влиянию на разработку эффективно реализуемых программ. Обсуждаются особенности математического образования по отношению к требованиям параллельных вычислений. Для студентов, аспирантов й научных работников, специализирующихся в области исследования структуры алгоритмов, решения больших задач и создания программного обеспечения для параллельных вычислительных систем.
Langue:russe
Publié: Москва, Изд-во Московского ун-та, 2010
Édition:2-е изд., стер.
Collection:Суперкомпьютерное образование
Sujets:
Format: Livre
KOHA link:https://koha.lib.tpu.ru/cgi-bin/koha/opac-detail.pl?biblionumber=205727

MARC

LEADER 00000nam0a2200000 4500
001 205727
005 20231101225311.0
010 |a 9785211059337 
035 |a (RuTPU)RU\TPU\book\224211 
090 |a 205727 
100 |a 20111213d2010 m y0rusy50 ca 
101 0 |a rus 
102 |a RU 
105 |a a j 001zy 
200 1 |a Вычислительная математика и структура алгоритмов. 10 лекций о том, почему трудно решать задачи на вычислительных системах параллельной архитектуры и что надо знать дополнительно, чтобы успешно преодолевать эти трудности  |e учебник  |f В. В. Воеводин  |g Московский государственный университет им. М. В. Ломоносова (МГУ) 
205 |a 2-е изд., стер. 
210 |a Москва  |c Изд-во Московского ун-та  |d 2010 
215 |a 168 с.  |c ил. 
225 1 |a Суперкомпьютерное образование 
320 |a Библиогр.: с. 161. 
330 |a В книге представлены лекции, прочитанные автором в различных учебных заведениях, институтах и на научных конференциях. Все они посвяшены вопросам эффективного решения задач на вычислительных системах параллельной архитектуры. Особое внимание уделяется изучению информационной структуры алгоритмов и ее влиянию на разработку эффективно реализуемых программ. Обсуждаются особенности математического образования по отношению к требованиям параллельных вычислений. Для студентов, аспирантов й научных работников, специализирующихся в области исследования структуры алгоритмов, решения больших задач и создания программного обеспечения для параллельных вычислительных систем. 
606 1 |a Вычислительная математика  |x Машинные методы  |2 stltpush  |3 (RuTPU)RU\TPU\subj\41413  |9 61206 
610 1 |a компьютеры 
610 1 |a программирование 
610 1 |a алгоритмы 
610 1 |a вычислительные процессы 
610 1 |a математически эквивалентные преобразования 
610 1 |a округление 
610 1 |a ошибки 
610 1 |a развертки 
610 1 |a граф-машины 
610 1 |a типовые информационные структуры 
610 1 |a параллельные вычисления 
610 1 |a математическое образование 
610 1 |a учебники 
675 |a 519.67(075.8)  |v 3 
700 1 |a Воеводин  |b В. В.  |g Валентин Васильевич 
712 0 2 |a Московский государственный университет им. М. В. Ломоносова (МГУ)  |2 stltpush  |3 (RuTPU)RU\TPU\col\7 
801 1 |a RU  |b 63413507  |c 20111213 
801 2 |a RU  |b 63413507  |c 20150506  |g RCR 
900 |a Вычислительная математика 
942 |c BK 
951 |b 010300  |b 010400